| 000 | 01017nmc a2200349 a 4500 | ||
|---|---|---|---|
| 003 | AR-BaBNM | ||
| 005 | 20251128211759.0 | ||
| 008 | 116020s2005 ||||||||||||||000 | spa|| | ||
| 020 | _a84-277-1447-5 | ||
| 040 | _cAR-BaBNM | ||
| 100 | 1 | _aHannan, Andrew | |
| 245 | 1 | 0 |
_aLa innovación en la enseñanza superior _benseñanza, aprendizaje y culturas institucionales |
| 260 |
_aMadrid _bNarcea _c2005 |
||
| 300 | 0 | _a196 p. | |
| 490 | 0 | _aUniversitaria | |
| 504 | _aContiene referencias bibliográficas | ||
| 610 | 2 | 4 | _aUniversidad de Glasgow |
| 610 | 2 | 4 | _aUniversidad de Middlesex |
| 610 | 2 | 4 | _aUniversidad de Nottingham |
| 610 | 2 | 4 | _aUniversidad de Salford |
| 610 | 2 | 4 | _aOpen University |
| 650 | 4 | _aENSENANZA UNIVERSITARIA | |
| 650 | 4 | _aUNIVERSIDADES | |
| 651 | 4 | _aReino Unido | |
| 653 | 0 | _aEDUCACION SUPERIOR | |
| 653 | 0 | _aINNOVACIONES EDUCATIVAS | |
| 653 | 0 | _aANALISIS INSTITUCIONAL | |
| 700 | 1 | _aSilver, Harold | |
| 800 | 1 | _aZabalza, Miguel Angel | |
| 942 | _cBK | ||
| 998 | _cme-solo cat | ||
| 999 |
_c21079 _d21079 |
||